000 00449nam a2200181Ia 4500
001 5102
005 20260306145843.0
008 260306t2016||||xx |||||||||||||| ||spa||
041 _aESP
082 _a333
_bR56
100 _aRiera Micalo, Pere,
_eAUT
245 0 _aManual de economía ambiental y de los recursos naturales
260 _c2016
300 _a356 páginas :
_c24 cm.
650 _aGEN
654 _aCIA
942 _cLIB
_dJUS
_fJUS
_2ddc
_n
999 _c5102
_d5102